Zion in Africa : the Jews of Zambia (Record no. 75610)

MARC details
000 -LEADER
fixed length control field 00698nam a22002537a 4500
005 - DATE AND TIME OF LATEST TRANSACTION
control field 20230412113819.0
008 - FIXED-LENGTH DATA ELEMENTS--GENERAL INFORMATION
fixed length control field 230330b |||||||| |||| 00| 0 eng d
020 ## - INTERNATIONAL STANDARD BOOK NUMBER
International Standard Book Number 9781784536664
040 ## - CATALOGING SOURCE
Original cataloging agency CBULib
Transcribing agency CBULib
041 ## - LANGUAGE CODE
Language code of text/sound track or separate title eng
050 ## - LIBRARY OF CONGRESS CALL NUMBER
Classification number DS 135.Z35 Mac
100 ## - MAIN ENTRY--PERSONAL NAME
Personal name Macmillan, Hugh
245 ## - TITLE STATEMENT
Title Zion in Africa : the Jews of Zambia
Statement of responsibility, etc. / by Hugh Macmillan and Frank Shapiro
260 ## - PUBLICATION, DISTRIBUTION, ETC.
Place of publication, distribution, etc. London :
Name of publisher, distributor, etc. L.B.Tauris,
Date of publication, distribution, etc. 1999
300 ## - PHYSICAL DESCRIPTION
Extent xiii, 383 pages : illustrations
600 ## - SUBJECT ADDED ENTRY--PERSONAL NAME
Personal name MACMILLAN, HUGH
600 ## - SUBJECT ADDED ENTRY--PERSONAL NAME
Personal name SHAPIRO, FRANK
650 ## - SUBJECT ADDED ENTRY--TOPICAL TERM
Topical term or geographic name entry element ETHNIC RELATIONS
650 ## - SUBJECT ADDED ENTRY--TOPICAL TERM
Topical term or geographic name entry element HISTORY
650 ## - SUBJECT ADDED ENTRY--TOPICAL TERM
Topical term or geographic name entry element JEWS--HISTORY-- ZAMBIA
650 ## - SUBJECT ADDED ENTRY--TOPICAL TERM
Topical term or geographic name entry element JEWS
700 ## - ADDED ENTRY--PERSONAL NAME
Personal name Shapiro, Frank
942 ## - ADDED ENTRY ELEMENTS (KOHA)
Koha item type MONOGRAPH
999 ## -
-- 75610
-- 75610
Holdings
Withdrawn status Lost status Source of classification or shelving scheme Damaged status Not for loan Collection code Permanent Location Current Location Shelving location Date acquired Source of acquisition Cost, normal purchase price Total Checkouts Full call number Barcode Date last seen Date last checked out Copy number Cost, replacement price Price effective from Koha item type
          Main Library Open Access Collection CBU-MAIN LIBRARY, KITWE. CBU-MAIN LIBRARY, KITWE. General Stacks 03/30/2023 DON-BOOKAID 68.89 2 DS 135.Z35 Mac 751874 05/28/2026 05/20/2026 1 89.55 03/30/2023 MONOGRAPH
          Main Library Open Access Collection CBU-MAIN LIBRARY, KITWE. CBU-MAIN LIBRARY, KITWE. General Stacks 03/30/2023 DON-BOOKAID 68.89   DS 135.Z35 Mac 751875 03/30/2023   2 89.55 03/30/2023 MONOGRAPH
          Medical Library Collection CBU-SCHOOL OF MEDICINE LIBRARY, NDOLA. CBU-SCHOOL OF MEDICINE LIBRARY, NDOLA. School of Medicine Collection - Hospital Campus 04/04/2023 DON-BOOKAID     DS 135. Z 35 Mac 905345 04/04/2023   3   04/04/2023 MONOGRAPH